[Event "FRA T0708W"]
[Site "France "]
[Date "2010.??.??"]
[Round "3.17"]
[White "Mollard, Anne"]
[Black "Karsenti, Madeleine"]
[Result "0-1"]
[WhiteElo "1830"]
[BlackElo "1540"]
[PlyCount "94"]
[EventDate "2008.??.??"]
[EventType "team-swiss"]
[EventRounds "3"]
[EventCountry "FRA"]

1. e4 e5 2. Nf3 d6 3. d4 exd4 4. Nxd4 Nf6 5. Nc3 Be7 6. Be2 O-O 7. O-O c5 8.
Nf3 Qc7 9. Nd5 Nxd5 10. exd5 Nd7 11. c4 Bf6 12. Qc2 Re8 13. Bd3 Nf8 14. Bg5 Qd8
15. h4 Bg4 16. Bxf6 Qxf6 17. Ng5 h6 18. f3 Bh5 19. Ne4 Qd4+ 20. Rf2 Rad8 21.
Rd1 Bg6 22. g4 Bxe4 23. Bxe4 Qe3 24. Qd2 Qxd2 25. Rdxd2 Nh7 26. Bxh7+ Kxh7 27.
h5 Re1+ 28. Rf1 Rde8 29. Rxe1 Rxe1+ 30. Kf2 Re7 31. a4 g6 32. Re2 Rxe2+ 33.
Kxe2 Kg7 34. Ke3 gxh5 35. gxh5 Kf6 36. Kf4 a5 37. b3 b6 38. Kg4 Ke5 39. f4+ Ke4
40. f5 Kd3 41. Kf3 Kc3 42. Ke3 Kxb3 43. Kd3 Kxa4 44. f6 Ka3 45. Kc3 Ka2 46. Kc2
Ka3 47. Kc3 Ka4 0-1

[Event "FRA-chT III 0910"]
[Site "Midi-Pyrenees"]
[Date "2008.10.19"]
[Round "1.1"]
[White "Sasu Ducsoara, Andreea"]
[Black "Lemiere, Frederic"]
[Result "1/2-1/2"]
[WhiteElo "2249"]
[BlackElo "2086"]
[PlyCount "120"]
[EventDate "2009.??.??"]
[EventType "team-match"]
[EventCountry "FRA"]

1. e4 e6 2. d4 d5 3. Nc3 Nf6 4. Bg5 Be7 5. e5 Nfd7 6. Bxe7 Qxe7 7. f4 a6 8. Nf3
c5 9. Qd2 Nc6 10. dxc5 Qxc5 11. a3 b5 12. Qf2 Qxf2+ 13. Kxf2 f6 14. exf6 gxf6
15. Re1 Nb6 16. Bd3 Bd7 17. Ne2 e5 18. Ned4 Nxd4 19. Nxd4 O-O 20. Nb3 Na4 21.
Rb1 Rac8 22. c3 Be6 23. Rhe1 Bf7 24. Bf5 Rc4 25. g3 exf4 26. Nd4 fxg3+ 27. hxg3
Rc7 28. Rh1 h5 29. Ne6 Bxe6 30. Bxe6+ Kg7 31. Rxh5 Nc5 32. Bxd5 Rd7 33. Rbh1
Rfd8 34. Rh7+ Kf8 35. Rh8+ Ke7 36. R1h7+ Kd6 37. Rxd8 Rxd8 38. Bb7 Rb8 39. Bf3
Nd3+ 40. Ke3 Nxb2 41. Kd4 Rc8 42. Bd5 Na4 43. Rf7 Rxc3 44. Rxf6+ Ke7 45. Rf7+
Kd6 46. Rf6+ Ke7 47. Rf3 Rxf3 48. Bxf3 Kd6 49. Be2 Nc5 50. g4 Nd7 51. g5 Ne5
52. Bh5 Nc6+ 53. Kc3 a5 54. Be8 b4+ 55. axb4 axb4+ 56. Kc4 Ne5+ 57. Kxb4 Ke6
58. Kc5 Kf5 59. g6 Nxg6 60. Bxg6+ Kxg6 1/2-1/2

[Event "FRA-chT III 0910"]
[Site "Midi-Pyrenees"]
[Date "2008.11.22"]
[Round "2.1"]
[White "Sasu Ducsoara, Andreea"]
[Black "Marcille, Florian"]
[Result "1/2-1/2"]
[WhiteElo "2249"]
[BlackElo "1995"]
[PlyCount "93"]
[EventDate "2009.??.??"]
[EventType "team-match"]
[EventCountry "FRA"]

1. e4 c5 2. Nf3 d6 3. d4 cxd4 4. Qxd4 Nc6 5. Bb5 Bd7 6. Bxc6 Bxc6 7. c4 Nf6 8.
Nc3 g6 9. Bg5 Bg7 10. O-O h6 11. Be3 O-O 12. Qd3 Ng4 13. Bd4 Ne5 14. Bxe5 dxe5
15. Qe3 e6 16. Rfd1 Qe7 17. c5 b6 18. cxb6 Rfb8 19. bxa7 Rxb2 20. Rab1 Rxb1 21.
Rxb1 Qxa7 22. Qxa7 Rxa7 23. Rb8+ Kh7 24. Kf1 f5 25. Nd2 g5 26. f3 h5 27. Nb3
Kg6 28. Nc5 Kf7 29. Rb6 Rc7 30. Na6 Rc8 31. Rb8 Rxb8 32. Nxb8 Bb7 33. Nd7 Ke7
34. Nc5 Bc6 35. Ke2 Kd6 36. Nb3 g4 37. a4 Kc7 38. Kd3 Bf8 39. Kc4 Kb6 40. Nc1
Bb7 41. Nd3 Ba6+ 42. Nb5 Bd6 43. Nb4 Bxb4 44. Kxb4 f4 45. h4 g3 46. a5+ Kc6 47.
Na7+ 1/2-1/2

[Event "FRA-chT III 0910"]
[Site "Midi-Pyrenees"]
[Date "2008.11.22"]
[Round "2.3"]
[White "Bollengier, Thierry"]
[Black "Youssoupov, Moisse"]
[Result "1-0"]
[WhiteElo "2111"]
[BlackElo "1917"]
[PlyCount "87"]
[EventDate "2009.??.??"]
[EventType "team-match"]
[EventCountry "FRA"]

1. e4 d5 2. exd5 Qxd5 3. Nc3 Qd6 4. d4 Nf6 5. Nf3 g6 6. Bg5 h6 7. Be3 c6 8. Qd2
Bg7 9. Bc4 Nbd7 10. Bf4 Qb4 11. Bb3 Qa5 12. O-O O-O 13. Bxh6 Qh5 14. Bxg7 Kxg7
15. Qg5 Qxg5 16. Nxg5 b5 17. Rfe1 e6 18. Nce4 a5 19. c3 Ba6 20. Rac1 Rac8 21.
f3 Nd5 22. Nd6 Rb8 23. Nge4 Rfd8 24. Nc5 Nxc5 25. dxc5 Nf4 26. Rcd1 a4 27. Bc2
Kf8 28. Rd4 Nd5 29. Kf2 a3 30. b4 Ra8 31. Bb3 Rd7 32. Bxd5 exd5 33. Rh4 Kg7 34.
f4 Rad8 35. Rh3 Ra7 36. Rhe3 Kf8 37. g4 Kg7 38. Re7 Rdd7 39. Re8 Rdc7 40. h4 f6
41. R1e6 Rd7 42. f5 Rdc7 43. g5 fxg5 44. Rxg6+ 1-0

[Event "FRA-chT III 0910"]
[Site "Midi-Pyrenees"]
[Date "2008.11.09"]
[Round "1.1"]
[White "Villeneuve, Samuel"]
[Black "Ruault, Vincent"]
[Result "1-0"]
[WhiteElo "1730"]
[BlackElo "1540"]
[PlyCount "135"]
[EventDate "2009.??.??"]
[EventType "team-match"]
[EventCountry "FRA"]

1. e4 e6 2. d4 d5 3. Nc3 Bb4 4. e5 c5 5. a3 Bxc3+ 6. bxc3 Qc7 7. Qg4 Ne7 8.
Qxg7 Rg8 9. Qxh7 cxd4 10. Ne2 Nbc6 11. f4 dxc3 12. Qd3 Nf5 13. Nxc3 Ncd4 14.
Nb5 Qxc2 15. Nxd4 Qxd3 16. Bxd3 Nxd4 17. Bd2 Nc6 18. Bb4 Bd7 19. h4 O-O-O 20.
h5 Rxg2 21. h6 Rh8 22. O-O-O b6 23. Bd6 Kb7 24. h7 Nd4 25. Rdg1 Rxg1+ 26. Rxg1
Nf5 27. Bxf5 exf5 28. Rh1 Be6 29. Be7 Ka6 30. Bf6 Rc8+ 31. Kb2 Kb5 32. h8=Q
Rxh8 33. Rxh8 Kc5 34. Ra8 a5 35. Rb8 b5 36. Kc3 d4+ 37. Kd3 Bc4+ 38. Kc2 a4 39.
Rd8 d3+ 40. Kc3 Kc6 41. Be7 Kc7 42. Rxd3 Bxd3 43. Kxd3 Kd7 44. Bf8 Kc6 45. Kc3
Kd5 46. Kb4 Ke4 47. Bh6 Kd5 48. Kxb5 Ke6 49. Kxa4 f6 50. exf6 Kxf6 51. Kb5 Ke7
52. a4 Kd8 53. a5 Kc8 54. a6 Kb8 55. Bf8 Ka7 56. Bc5+ Ka8 57. Kc4 Kb8 58. a7+
Kb7 59. Kd5 Ka8 60. Ke6 Kb7 61. Kxf5 Ka8 62. Ke6 Kb7 63. f5 Ka8 64. f6 Kb7 65.
f7 Ka8 66. f8=Q+ Kb7 67. Qb8+ Kc6 68. Qb6# 1-0

[Event "FRA-chT III 0910"]
[Site "Midi-Pyrenees"]
[Date "2008.10.19"]
[Round "1.2"]
[White "Barreau, Christian"]
[Black "Genestous, Patrick"]
[Result "1-0"]
[WhiteElo "2101"]
[BlackElo "2127"]
[PlyCount "147"]
[EventDate "2009.??.??"]
[EventType "team-match"]
[EventCountry "FRA"]

1. e4 d6 2. d3 Nf6 3. f4 Nc6 4. Nf3 Bg4 5. Be2 Bxf3 6. Bxf3 e5 7. O-O Be7 8.
Nc3 Qd7 9. Be3 O-O 10. g4 exf4 11. Bxf4 Nd4 12. g5 Nxf3+ 13. Qxf3 Qg4+ 14. Kh1
Qxf3+ 15. Rxf3 Nd7 16. Nd5 Bd8 17. Raf1 Ne5 18. Rh3 Re8 19. Rg1 Ng6 20. Bd2 c6
21. Ne3 Bb6 22. Rf1 Bxe3 23. Bxe3 a6 24. Bd4 Re6 25. Rhf3 Nh8 26. h4 c5 27. Bc3
b5 28. Kg2 Rd8 29. Rf5 h5 30. gxh6 Rxh6 31. h5 b4 32. Bd2 Re6 33. a3 a5 34.
axb4 axb4 35. Ra1 f6 36. Ra7 Nf7 37. Bf4 c4 38. Rb5 b3 39. cxb3 cxd3 40. Rbb7
Rf8 41. Kf3 Ng5+ 42. Bxg5 fxg5+ 43. Ke3 Rf4 44. Rxg7+ Kf8 45. Rxg5 Rfxe4+ 46.
Kxd3 Re3+ 47. Kc2 R3e5 48. Rag7 Re2+ 49. Kb1 Re1+ 50. Ka2 R6e5 51. b4 Rh1 52.
Rxe5 dxe5 53. Rg5 e4 54. Re5 e3 55. Rxe3 Rxh5 56. Kb3 Rh2 57. b5 Kf7 58. Ka3
Rd2 59. b3 Rd4 60. b4 Rd1 61. b6 Ra1+ 62. Kb3 Ra6 63. Kc4 Rxb6 64. Kc5 Rb8 65.
b5 Rc8+ 66. Kd6 Rc1 67. b6 Rd1+ 68. Kc7 Rc1+ 69. Kb8 Rb1 70. b7 Rc1 71. Re4 Rc2
72. Ka7 Ra2+ 73. Kb6 Rb2+ 74. Kc6 1-0

[Event "FRA-chT III 0910"]
[Site "Midi-Pyrenees"]
[Date "2008.10.19"]
[Round "1.3"]
[White "Bollengier, Thierry"]
[Black "Bissbort, Julian"]
[Result "0-1"]
[WhiteElo "2111"]
[BlackElo "2058"]
[PlyCount "104"]
[EventDate "2009.??.??"]
[EventType "team-match"]
[EventCountry "FRA"]

1. e4 c5 2. Nf3 Nc6 3. d4 cxd4 4. Nxd4 g6 5. c4 Bg7 6. Be3 Nf6 7. Nc3 O-O 8.
Be2 b6 9. O-O Bb7 10. f3 Rc8 11. Rc1 e6 12. Qd2 Ne5 13. Ndb5 Nxc4 14. Bxc4 Rxc4
15. Nd6 Rc7 16. Ncb5 Rxc1 17. Rxc1 Qb8 18. Nc7 Bc6 19. Na6 Qd8 20. Bg5 b5 21.
Nc5 Qb8 22. b4 a5 23. bxa5 Nh5 24. g4 Be5 25. Be7 Bf4 26. Qd1 Be3+ 27. Kh1 Nf4
28. Rc3 Bxc5 29. Rxc5 Qa7 30. Rc2 Ra8 31. Qd2 e5 32. Bf6 Qxa5 33. Bxe5 Qxd2 34.
Rxd2 Ne6 35. Rb2 Ra5 36. a4 b4 37. Nc4 Rxa4 38. Bd6 f5 39. gxf5 Ra1+ 40. Kg2
gxf5 41. exf5 Nd4 42. Ne5 Nxf5 43. Bxb4 Ne3+ 44. Kh3 Bd5 45. Bc5 Be6+ 46. Kh4
Nf5+ 47. Kg5 Kg7 48. Rb8 h6+ 49. Kh5 Ra2 50. Bf8+ Kh7 51. h3 Rg2 52. h4 Ng3#
0-1

[Event "FRA-chT III 0910"]
[Site "Midi-Pyrenees"]
[Date "2008.10.19"]
[Round "1.4"]
[White "Giry, Jean Marc"]
[Black "Doucet, Romain"]
[Result "1-0"]
[WhiteElo "2024"]
[BlackElo "2058"]
[PlyCount "67"]
[EventDate "2009.??.??"]
[EventType "team-match"]
[EventCountry "FRA"]

1. c4 Nf6 2. g3 g6 3. Bg2 Bg7 4. Nc3 d6 5. e4 O-O 6. Nge2 e5 7. O-O c6 8. d3
Ne8 9. Be3 f5 10. f4 Nd7 11. Qd2 Ndf6 12. h3 Rf7 13. Rf2 Be6 14. b3 Qd7 15. Kh2
Nc7 16. Raf1 b6 17. d4 exd4 18. Nxd4 fxe4 19. Nxe4 d5 20. Ng5 Re7 21. f5 gxf5
22. Nxf5 Bxf5 23. Rxf5 Rd8 24. Rxf6 Bxf6 25. Rxf6 d4 26. Bf4 Ne6 27. Nxe6 Rxe6
28. Rxe6 Qxe6 29. Bf3 d3 30. Kg2 Kg7 31. Qc3+ Kg6 32. Bc1 h5 33. Qd2 h4 34.
Qg5+ 1-0

[Event "FRA-chT III 0910"]
[Site "Midi-Pyrenees"]
[Date "2008.10.19"]
[Round "1.5"]
[White "Casella, Laurent"]
[Black "Pouilly, Patrick"]
[Result "1/2-1/2"]
[WhiteElo "2072"]
[BlackElo "2015"]
[PlyCount "43"]
[EventDate "2009.??.??"]
[EventType "team-match"]
[EventCountry "FRA"]

1. e4 Nf6 2. Nc3 d6 3. d4 g6 4. Bg5 Bg7 5. Qd2 O-O 6. O-O-O Nbd7 7. f4 c5 8.
Nf3 cxd4 9. Nxd4 Nc5 10. Bd3 a6 11. h3 b5 12. Nc6 Qc7 13. Nd5 Nxd5 14. exd5 f6
15. Bh4 Bb7 16. Be2 e5 17. Rhe1 Rae8 18. fxe5 fxe5 19. Kb1 Rf4 20. Bg5 Ne4 21.
Qa5 Qxa5 22. Nxa5 1/2-1/2

[Event "FRA-chT III 0910"]
[Site "Midi-Pyrenees"]
[Date "2008.10.19"]
[Round "1.6"]
[White "Maruejols, Christian"]
[Black "Ouerk, Yanis"]
[Result "1-0"]
[WhiteElo "2004"]
[BlackElo "2019"]
[PlyCount "113"]
[EventDate "2009.??.??"]
[EventType "team-match"]
[EventCountry "FRA"]

1. d4 Nf6 2. c4 g6 3. Nc3 Bg7 4. e4 d6 5. Be2 O-O 6. Nf3 e5 7. O-O Nc6 8. d5
Ne7 9. Ne1 Nd7 10. Nd3 f5 11. Bd2 Nf6 12. f3 f4 13. c5 g5 14. cxd6 cxd6 15. Rc1
Rf7 16. Nb5 Ng6 17. Qc2 Qb6+ 18. Nf2 g4 19. Nc7 Rb8 20. Qb3 Qxb3 21. axb3 gxf3
22. gxf3 a6 23. Bb4 Bf8 24. Ne6 Bxe6 25. dxe6 Rg7 26. Ng4 Nh4 27. Kf2 Nxg4+ 28.
fxg4 f3 29. Bc4 Be7 30. h3 Kh8 31. Bd5 h5 32. Rc7 hxg4 33. hxg4 Ng2 34. Rxe7
Rxe7 35. Bxd6 Rbe8 36. Bxe7 Rxe7 37. Rh1+ Kg7 38. Rh5 Nf4 39. Rg5+ Kf8 40. Rf5+
Ke8 41. Rf6 Rh7 42. Kxf3 Rh3+ 43. Kf2 Rh2+ 44. Ke3 Rh3+ 45. Kd2 Rd3+ 46. Kc2
Nxd5 47. exd5 Rxd5 48. Rf7 b5 49. g5 Rd6 50. Rf6 Ke7 51. Rh6 Rxe6 52. Kd3 Kf7
53. Rxe6 Kxe6 54. Ke4 b4 55. g6 Kf6 56. g7 Kxg7 57. Kxe5 1-0

[Event "FRA-chT III 0910"]
[Site "Midi-Pyrenees"]
[Date "2008.10.19"]
[Round "1.7"]
[White "Blesing, Rene"]
[Black "Giraud, Thierry"]
[Result "1/2-1/2"]
[WhiteElo "2027"]
[BlackElo "2030"]
[PlyCount "84"]
[EventDate "2009.??.??"]
[EventType "team-match"]
[EventCountry "FRA"]

1. e4 c6 2. d4 g6 3. Nf3 d6 4. Bc4 Nf6 5. e5 Ne4 6. O-O dxe5 7. Nxe5 Nd6 8. Bb3
Bg7 9. Nd2 O-O 10. Ndf3 Nd7 11. Bf4 Nf6 12. Ng5 Nd5 13. Bxd5 cxd5 14. Ngf3 Qb6
15. b3 Be6 16. c4 dxc4 17. d5 Bf5 18. g4 Bc8 19. bxc4 f6 20. Be3 Qc7 21. c5 Ne8
22. Qb3 Kh8 23. d6 exd6 24. cxd6 Nxd6 25. Rac1 Qe7 26. Nc4 Nxc4 27. Qxc4 Qe6
28. Bc5 Rf7 29. Rfe1 Qxg4+ 30. Qxg4 Bxg4 31. Kg2 b6 32. Bd4 Rd8 33. Bb2 Rfd7
34. Nd4 Rf7 35. f3 Bc8 36. Ba3 Bb7 37. Ne6 Re8 38. Nf4 Rxe1 39. Rxe1 Bc6 40.
Rc1 Bb7 41. Re1 Bc6 42. Rc1 Bb7 1/2-1/2

[Event "FRA-chT III 0910"]
[Site "Midi-Pyrenees"]
[Date "2008.11.22"]
[Round "2.2"]
[White "Hoffmann, Michel"]
[Black "Genestous, Patrick"]
[Result "0-1"]
[WhiteElo "2045"]
[BlackElo "2127"]
[PlyCount "66"]
[EventDate "2009.??.??"]
[EventType "team-match"]
[EventCountry "FRA"]

1. d4 d5 2. c4 e6 3. Nc3 c6 4. cxd5 exd5 5. Bf4 Nf6 6. e3 Qb6 7. Rb1 Ne4 8. Bd3
Bb4 9. Qc2 Bf5 10. Nge2 Bg6 11. O-O Nf6 12. Bxg6 hxg6 13. Na4 Qd8 14. Qb3 Qe7
15. Nac3 Na6 16. Rbc1 Nh5 17. Bg3 Nxg3 18. hxg3 g5 19. Rfe1 Kf8 20. a3 Bd6 21.
Qc2 Re8 22. b4 Nc7 23. Rb1 a6 24. Qb3 Qf6 25. Nd1 Qh6 26. f3 Qh2+ 27. Kf2 Rh3
28. f4 Ne6 29. Qb2 gxf4 30. exf4 g5 31. Ne3 Nxf4 32. gxf4 Rexe3 33. Rh1 Rhf3+
0-1

[Event "FRA-chT III 0910"]
[Site "Midi-Pyrenees"]
[Date "2008.11.22"]
[Round "2.4"]
[White "Renaux, Osmin"]
[Black "Ouerk, Yanis"]
[Result "0-1"]
[WhiteElo "1953"]
[BlackElo "2019"]
[PlyCount "78"]
[EventDate "2009.??.??"]
[EventType "team-match"]
[EventCountry "FRA"]

1. d4 Nf6 2. c4 g6 3. Nc3 Bg7 4. e4 d6 5. f4 O-O 6. Nf3 c5 7. d5 e6 8. Be2 exd5
9. cxd5 Bg4 10. O-O Re8 11. h3 Bxf3 12. Bxf3 Nbd7 13. Re1 Qa5 14. a4 c4 15. Re2
Nc5 16. e5 dxe5 17. fxe5 Nh5 18. Bxh5 gxh5 19. Qe1 Nd3 20. Qg3 Nxe5 21. Ne4 Ng6
22. Qf3 Re5 23. d6 Rf5 24. Qa3 Qd5 25. Ng3 Re5 26. Rd2 Qe6 27. Rd1 Re1+ 28.
Rxe1 Qxe1+ 29. Kh2 h4 30. Bf4 hxg3+ 31. Bxg3 Qe6 32. Re1 Qd7 33. h4 Re8 34. Qb4
Ne5 35. Qc5 Ng4+ 36. Kh1 Rxe1+ 37. Bxe1 Be5 38. Qxc4 Bxd6 39. Qd4 Qf5 0-1

[Event "FRA-chT III 0910"]
[Site "Midi-Pyrenees"]
[Date "2008.11.22"]
[Round "2.5"]
[White "Casella, Laurent"]
[Black "Weill, Dany"]
[Result "0-1"]
[WhiteElo "2072"]
[BlackElo "1934"]
[PlyCount "104"]
[EventDate "2009.??.??"]
[EventType "team-match"]
[EventCountry "FRA"]

1. e4 e6 2. d4 d5 3. Nc3 dxe4 4. Nxe4 Nd7 5. Nf3 Ngf6 6. Nxf6+ Nxf6 7. Bd3 b6
8. O-O Bb7 9. Re1 Be7 10. b3 O-O 11. Bb2 Qd6 12. c4 Rad8 13. Qe2 Rfe8 14. Rad1
Qf4 15. Ne5 Bb4 16. g3 Qh6 17. Rf1 Qh3 18. f4 Bd6 19. Bc2 c5 20. Rd3 cxd4 21.
Bxd4 Be4 22. Rc3 Bb7 23. Nf3 Qg4 24. Bxf6 gxf6 25. Bxh7+ Kg7 26. Be4 Bxe4 27.
Qxe4 Rh8 28. Qe1 Rh3 29. Kh1 a5 30. Qf2 Bc5 31. Qg2 Rdh8 32. Nh4 f5 33. Rd3 Be7
34. Qf3 R8xh4 35. Qxg4+ Rxg4 36. Rd7 Bc5 37. Kg2 Rh8 38. Re1 Kf6 39. Red1 Rhg8
40. Rb7 Rxf4 41. Rd2 Rd4 42. Rxd4 Bxd4 43. a3 Rd8 44. Kf3 Rd6 45. h4 Bc5 46.
Ke2 Bxa3 47. h5 Bc5 48. Rb8 Kg7 49. Rb7 Rd8 50. Kf3 Rd3+ 51. Kf4 Kf6 52. h6 e5#
0-1

[Event "FRA-chT III 0910"]
[Site "Midi-Pyrenees"]
[Date "2008.11.22"]
[Round "2.6"]
[White "Kohler, Serge"]
[Black "Doucet, Romain"]
[Result "0-1"]
[WhiteElo "1969"]
[BlackElo "2058"]
[PlyCount "130"]
[EventDate "2009.??.??"]
[EventType "team-match"]
[EventCountry "FRA"]

1. d4 Nf6 2. c4 c5 3. d5 b5 4. cxb5 a6 5. Nc3 axb5 6. Nxb5 d6 7. Nc3 g6 8. g3
Bg7 9. Bg2 O-O 10. Nf3 Nbd7 11. O-O Ba6 12. Re1 Ng4 13. h3 Nge5 14. Nd2 Qb6 15.
f4 Nc4 16. Nxc4 Bxc4 17. Qc2 Rfb8 18. Qe4 Bd4+ 19. e3 Nf6 20. Qf3 Bxc3 21. bxc3
Bxd5 22. e4 Rxa2 23. Rxa2 Bxa2 24. Qe2 Bb1 25. e5 Ne8 26. exd6 Nxd6 27. Bd5 e6
28. Bf3 c4+ 29. Kh2 Bd3 30. Qd2 Qa7 31. Qe3 Qxe3 32. Bxe3 Rb2+ 33. Kg1 Ra2 34.
Bc5 Nb5 35. Rc1 Kg7 36. Bc6 Nc7 37. Bd4+ f6 38. g4 Kf7 39. Re1 Nd5 40. Bxd5
exd5 41. g5 f5 42. Bh8 Be4 43. Re3 Ke6 44. Bd4 Kd6 45. Be5+ Kc6 46. Kf1 Kb5 47.
Kg1 Ka4 48. Kf1 Kb3 49. Kg1 Rc2 50. Kf1 Bd3+ 51. Ke1 Rxc3 52. Bxc3 Kxc3 53. Kd1
d4 54. Re7 Bc2+ 55. Kc1 d3 56. Rd7 Ba4 57. Rd8 Bb5 58. Rd5 Kb4 59. Kd2 c3+ 60.
Ke3 d2 61. Rd8 Kb3 62. Rxd2 cxd2 63. Kxd2 Kc4 64. Ke3 Bc6 65. h4 Bb7 0-1

[Event "FRA-chT III 0910"]
[Site "Midi-Pyrenees"]
[Date "2008.11.22"]
[Round "2.7"]
[White "Blesing, Alicia"]
[Black "Cabanes, Kim"]
[Result "0-1"]
[WhiteElo "1725"]
[BlackElo "1939"]
[PlyCount "106"]
[EventDate "2009.??.??"]
[EventType "team-match"]
[EventCountry "FRA"]

1. e4 c6 2. d4 d5 3. Nc3 a6 4. Nf3 Bg4 5. Be2 Nf6 6. exd5 cxd5 7. h3 Bh5 8. Bf4
e6 9. Qd2 Bb4 10. Bd3 Nc6 11. g4 Bg6 12. Bg5 Be4 13. Bxe4 dxe4 14. Ne5 Qxd4 15.
Nxc6 Qxd2+ 16. Bxd2 bxc6 17. Nxe4 Bxd2+ 18. Nxd2 Nd5 19. a3 Rb8 20. O-O-O O-O
21. Nb3 Rb5 22. Nd4 Rc5 23. Rhe1 Nf4 24. Re3 Rc8 25. Rb3 g5 26. Rh1 Rd8 27. Nf3
Nd3+ 28. Kb1 Nxf2 29. Re1 Nxh3 30. Ne5 Nf4 31. Rb7 Rb5 32. Nxf7 Rxb7 33. Nxd8
Rc7 34. Rd1 Kf8 35. Rd6 Ke7 36. Rxc6 Kxd8 37. Rxa6 Kd7 38. Ra8 e5 39. Rg8 Ne6
40. a4 Ra7 41. b3 e4 42. Kc1 Kd6 43. Kd2 Ke5 44. Re8 Ra6 45. Rh8 Ra7 46. Re8
Ra6 47. Rh8 Kf4 48. Rxh7 Rd6+ 49. Ke1 Nd4 50. Rf7+ Ke3 51. Rf2 Nf3+ 52. Kf1
Rd1+ 53. Kg2 Rg1+ 0-1

[Event "FRA-chT III 0910"]
[Site "Midi-Pyrenees"]
[Date "2008.11.23"]
[Round "3.1"]
[White "Rabineau, Clement"]
[Black "Bon, Michel"]
[Result "1-0"]
[WhiteElo "2260"]
[BlackElo "2266"]
[PlyCount "79"]
[EventDate "2009.??.??"]
[EventType "team-match"]
[EventCountry "FRA"]

1. e4 c5 2. Nf3 d6 3. d4 cxd4 4. Nxd4 Nf6 5. Nc3 a6 6. Be3 e6 7. f3 b5 8. Qd2
Nbd7 9. g4 h6 10. O-O-O Ne5 11. Bd3 b4 12. Nce2 d5 13. exd5 Nxd5 14. Nf4 Bc5
15. Nxd5 Nxd3+ 16. Qxd3 Qxd5 17. Kb1 Bxd4 18. Qxd4 Qxd4 19. Bxd4 Bb7 20. Rd3
O-O 21. Rhd1 Bd5 22. b3 f6 23. f4 Rac8 24. R1d2 Kh7 25. h4 Rf7 26. Kb2 h5 27.
gxh5 Kh6 28. f5 Kxh5 29. fxe6 Bxe6 30. Rg3 Rfc7 31. c4 bxc3+ 32. Bxc3 Kxh4 33.
Rdg2 Bd5 34. Rg1 Rxc3 35. Rxc3 Rxc3 36. Kxc3 g5 37. Rf1 g4 38. Rxf6 Kg5 39. Rd6
Bf3 40. Kd2 1-0

[Event "FRA-chT III 0910"]
[Site "Midi-Pyrenees"]
[Date "2008.11.23"]
[Round "3.1"]
[White "Sasu Ducsoara, Andreea"]
[Black "Garrel, Alain"]
[Result "0-1"]
[WhiteElo "2249"]
[BlackElo "2099"]
[PlyCount "120"]
[EventDate "2009.??.??"]
[EventType "team-match"]
[EventCountry "FRA"]

1. e4 d6 2. d4 Nf6 3. Nc3 Nbd7 4. Be3 e5 5. f3 Be7 6. Nge2 O-O 7. Qd2 c6 8. g4
b5 9. g5 Ne8 10. d5 b4 11. Na4 cxd5 12. Qxd5 Nc7 13. Qd2 Ne6 14. h4 Qa5 15. b3
Bb7 16. Ng3 d5 17. Nf5 Rfe8 18. Nxe7+ Rxe7 19. a3 dxe4 20. Qxb4 Qxb4+ 21. axb4
exf3 22. Kf2 f5 23. gxf6 Nxf6 24. Rg1 h5 25. Bh3 Ne4+ 26. Kf1 Rd8 27. Bxe6+
Rxe6 28. Nc5 Nxc5 29. bxc5 a6 30. Kf2 Be4 31. Rgc1 Rg6 32. Rg1 Rxg1 33. Rxg1
Bxc2 34. Kxf3 Bxb3 35. Ke4 Bc2+ 36. Kxe5 Re8+ 37. Kd4 Re4+ 38. Kc3 Rxe3+ 39.
Kxc2 Re5 40. Kd3 Rxc5 41. Rg6 a5 42. Ra6 Rb5 43. Ke3 Rb4 44. Rxa5 Rxh4 45. Kf3
Kh7 46. Kg3 Rg4+ 47. Kh3 g6 48. Ra7+ Kh6 49. Ra5 Rf4 50. Kg3 Rf5 51. Ra4 Kg5
52. Rb4 Rc5 53. Ra4 h4+ 54. Kh3 Rc3+ 55. Kh2 Kh5 56. Rb4 g5 57. Ra4 Rf3 58. Ra5
Kg4 59. Ra4+ Rf4 60. Ra2 h3 0-1

[Event "FRA-chT III 0910"]
[Site "Midi-Pyrenees"]
[Date "2008.11.23"]
[Round "3.2"]
[White "Villalongue, Tristan"]
[Black "Genestous, Patrick"]
[Result "1-0"]
[WhiteElo "2002"]
[BlackElo "2127"]
[PlyCount "50"]
[EventDate "2009.??.??"]
[EventType "team-match"]
[EventCountry "FRA"]

1. e4 d5 2. exd5 Qxd5 3. Nc3 Qd8 4. d4 Nf6 5. Nf3 e6 6. Bd3 b6 7. Bg5 Bb7 8.
O-O h6 9. Bh4 g5 10. Bg3 Bd6 11. Ne5 h5 12. h4 Nfd7 13. Ne4 gxh4 14. Bf4 Nxe5
15. dxe5 Be7 16. Qe2 Bxe4 17. Bxe4 c6 18. Rad1 Qc7 19. Qf3 a5 20. Rd3 Ra6 21.
Rfd1 b5 22. Bh2 c5 23. Qf4 c4 24. Rf3 Bd8 25. Rxd8+ Kxd8 1-0

[Event "FRA-chT III 0910"]
[Site "Midi-Pyrenees"]
[Date "2008.11.23"]
[Round "3.3"]
[White "Bollengier, Thierry"]
[Black "Faure, Nicolas"]
[Result "0-1"]
[WhiteElo "2111"]
[BlackElo "2019"]
[PlyCount "82"]
[EventDate "2009.??.??"]
[EventType "team-match"]
[EventCountry "FRA"]

1. e4 c5 2. Nf3 d6 3. d4 cxd4 4. Nxd4 Nf6 5. Nc3 a6 6. Bg5 e6 7. f4 Be7 8. Qf3
Qc7 9. O-O-O Nbd7 10. g4 b5 11. Bxf6 Nxf6 12. g5 Nd7 13. f5 Bxg5+ 14. Kb1 Ne5
15. Qh5 Bf6 16. fxe6 O-O 17. Nd5 Qd8 18. Bh3 fxe6 19. Nxe6 Bxe6 20. Bxe6+ Kh8
21. Rhf1 g6 22. Qh3 Bg7 23. Nf4 Qg5 24. Bd5 Rab8 25. Ne6 Rxf1 26. Rxf1 Qe7 27.
Nxg7 Kxg7 28. Qc3 Rf8 29. Rxf8 Qxf8 30. a3 Qf1+ 31. Ka2 Kh6 32. Qe3+ Kh5 33.
Qa7 h6 34. Qxa6 Nf3 35. Qxd6 Nd2 36. Qe5+ g5 37. a4 b4 38. Bf7+ Qxf7+ 39. Qd5
Qf2 40. e5 Qe1 41. Qf7+ Kh4 0-1

[Event "FRA-chT III 0910"]
[Site "Midi-Pyrenees"]
[Date "2008.11.23"]
[Round "3.4"]
[White "Garrel, Pascal"]
[Black "Ouerk, Yanis"]
[Result "1-0"]
[WhiteElo "1798"]
[BlackElo "2019"]
[PlyCount "45"]
[EventDate "2009.??.??"]
[EventType "team-match"]
[EventCountry "FRA"]

1. d4 Nf6 2. c4 g6 3. Nc3 Bg7 4. e4 d6 5. Be3 O-O 6. Qd2 Ng4 7. Bg5 h6 8. Bh4
g5 9. Bg3 c5 10. d5 f5 11. f4 fxe4 12. Nxe4 gxf4 13. Bxf4 Bxb2 14. Rb1 Bg7 15.
h3 Bf5 16. hxg4 Bxe4 17. Rb3 e5 18. Bxh6 Qf6 19. Nf3 b6 20. Bxg7 Qxg7 21. Ng5
Qg6 22. Rbh3 Rf4 23. Rh8+ 1-0

[Event "FRA-chT III 0910"]
[Site "Midi-Pyrenees"]
[Date "2008.11.23"]
[Round "3.5"]
[White "Casella, Laurent"]
[Black "Pinel, Stephane"]
[Result "0-1"]
[WhiteElo "2072"]
[BlackElo "1860"]
[PlyCount "80"]
[EventDate "2009.??.??"]
[EventType "team-match"]
[EventCountry "FRA"]

1. e4 c6 2. Nf3 d5 3. Nc3 dxe4 4. Nxe4 Nd7 5. Bc4 Ngf6 6. Qe2 Nxe4 7. Qxe4 Nf6
8. Qh4 e6 9. d3 Be7 10. Bd2 c5 11. g4 Ne4 12. Qh5 Nxd2 13. Nxd2 Bd7 14. O-O-O
b5 15. Bb3 a5 16. Rde1 g6 17. Qe5 Bf6 18. Qxc5 a4 19. Bd5 Rc8 20. Qb4 Qc7 21.
c3 Be7 22. Qd4 O-O 23. Bg2 a3 24. Ne4 axb2+ 25. Kb1 Bc6 26. Rhg1 Bxe4 27. Rxe4
Qxc3 28. Qxc3 Rxc3 29. Kxb2 Rxd3 30. Re2 Rfd8 31. Rc1 Ba3+ 32. Kb1 Bxc1 33.
Kxc1 R8d4 34. Kc2 Ra3 35. Kb2 Rda4 36. Kb1 Rxg4 37. Bc6 Rb4+ 38. Kc1 Rc3+ 39.
Rc2 Rxc2+ 40. Kxc2 Rc4+ 0-1

[Event "FRA-chT III 0910"]
[Site "Midi-Pyrenees"]
[Date "2008.11.23"]
[Round "3.6"]
[White "Marni Sandid, Tarik"]
[Black "Doucet, Romain"]
[Result "0-1"]
[WhiteElo "1705"]
[BlackElo "2058"]
[PlyCount "128"]
[EventDate "2009.??.??"]
[EventType "team-match"]
[EventCountry "FRA"]

1. e4 c5 2. Nf3 e6 3. a3 a6 4. d4 cxd4 5. Nxd4 d6 6. Nc3 b5 7. Bd3 Nd7 8. O-O
Bb7 9. Be3 Ngf6 10. f3 Be7 11. b4 Qc7 12. Nce2 Nb6 13. Ng3 Rc8 14. Rc1 Nc4 15.
Bxc4 Qxc4 16. Nb3 Ba8 17. Qd3 O-O 18. Rfd1 Rfd8 19. Bb6 Re8 20. Qe3 Nd7 21. Bd4
Qc7 22. Bb2 Nb6 23. Na5 e5 24. Nf5 Bf8 25. Qg5 f6 26. Qe3 d5 27. Ng3 Red8 28.
Qb3 Kh8 29. exd5 Bxd5 30. Qe3 Nc4 31. Nxc4 Bxc4 32. Ne4 a5 33. c3 Bb3 34. Rxd8
Rxd8 35. h3 a4 36. g4 Kg8 37. Kg2 Kf7 38. g5 f5 39. Nd2 Be6 40. Rd1 Bd6 41. h4
Re8 42. Qd3 Qc6 43. Rc1 Bc7 44. Qe2 Qd6 45. Nf1 Rd8 46. Qf2 Bb6 47. Qg3 Bc4 48.
Ba1 Ke6 49. Re1 g6 50. Kh3 f4 51. Qg4+ Kf7 52. Kh2 Qd3 53. Qg2 Bd5 54. Rxe5
Bxf3 55. Qa2+ Bd5 56. Qe2 Qxe2+ 57. Rxe2 Bc4 58. Re1 Rd3 59. Bb2 Rf3 60. Kg2
Rf2+ 61. Kh3 Bxf1+ 62. Kg4 Be2+ 63. Rxe2 Rxe2 64. Bc1 Be3 0-1